[Event "Madrid ch 2016/2017 - Previa A"]
[Site "Madrid ESP"]
[Date "2017.02.14"]
[Round "5.6"]
[White "Franco Rincon, David"]
[Black "Garcia Diez, Mariano"]
[Result "0-1"]
[WhiteElo "1721"]
[BlackElo "1911"]
[PlyCount "130"]
[EventDate "2017.02.06"]
[EventType "swiss"]
[EventRounds "9"]
[EventCountry "ESP"]
[SourceTitle "Ajedrez en Madrid"]
[Source "lmi"]
[SourceDate "2017.02.06"]
[SourceVersion "1"]
[SourceVersionDate "2017.02.21"]
[SourceQuality "1"]

1. Nf3 f5 2. d3 Nf6 3. e4 fxe4 4. dxe4 Nxe4 5. Bd3 Nf6 6. Ng5 e6 7. Nxh7 c6 8.
Nc3 d5 9. Ng5 Qc7 10. Bg6+ Kd7 11. Qe2 Ke7 12. g3 e5 13. Bf4 Ng4 14. Nf7 Kf6
15. Nxh8 exf4 16. O-O-O Ne5 17. Bd3 Bg4 18. Qd2 Nxd3+ 19. Qxd3 Bf5 20. Qd4+ Qe5
21. Qxe5+ Kxe5 22. Nf7+ Kf6 23. Nd8 b6 24. Rde1 Bd7 25. Re2 Na6 26. Nxc6 Bxc6
27. Rhe1 Nc7 28. gxf4 Bd6 29. Kb1 Rh8 30. f3 Rh4 31. Nd1 Rxf4 32. Nf2 Rxf3 33.
Ng4+ Kf5 34. Ne3+ Kf4 35. Ng2+ Kg5 36. h4+ Kg4 37. Ne3+ Kxh4 38. Rh1+ Kg5 39.
Rg1+ Rg3 40. Rxg3+ Bxg3 41. Rg2 Kf4 42. Nf1 Bh4 43. Rxg7 Bd8 44. Rg8 Bf6 45.
Rf8 Kg5 46. Ne3 Ne6 47. Rf7 d4 48. Nc4 Bd5 49. Nd2 a5 50. Rd7 Bc6 51. Rd6 Nd8
52. Nc4 a4 53. Nxb6 Kf5 54. Nc4 Kg5 55. b3 axb3 56. axb3 Kf5 57. Kc1 Be7 58.
Rh6 Bg5+ 59. Kd1 Bxh6 60. Ke2 Bb5 61. Kd3 Nc6 62. c3 Bxc4+ 63. bxc4 dxc3 64.
Kxc3 Ke4 65. c5 Kd5 0-1

[Event "Madrid ch 2016/2017 - Previa A"]
[Site "Madrid ESP"]
[Date "2017.02.14"]
[Round "5.7"]
[White "Osorio Ramos, Francisco"]
[Black "Martinez Miura, Enrique"]
[Result "1/2-1/2"]
[WhiteElo "1838"]
[BlackElo "1660"]
[PlyCount "58"]
[EventDate "2017.02.06"]
[EventType "swiss"]
[EventRounds "9"]
[EventCountry "ESP"]
[SourceTitle "Ajedrez en Madrid"]
[Source "lmi"]
[SourceDate "2017.02.06"]
[SourceVersion "1"]
[SourceVersionDate "2017.02.21"]
[SourceQuality "1"]

1. d4 d5 2. c4 c6 3. e3 Nf6 4. Qc2 e6 5. Nc3 Be7 6. Nf3 Nbd7 7. Bd3 h6 8. O-O
O-O 9. Bd2 b6 10. cxd5 cxd5 11. Rac1 Bb7 12. h3 Rc8 13. Qa4 a6 14. Qb3 b5 15.
a3 Ba8 16. Rfd1 Ne4 17. Be1 Bd6 18. Bxe4 dxe4 19. Ne5 Bxe5 20. dxe5 Qe7 21. Ne2
Nc5 22. Qc3 Qb7 23. Rc2 Nd3 24. Qb3 Nxe5 25. Rcd2 Nd3 26. Nf4 Rfd8 27. Nxd3
Rxd3 28. Rxd3 exd3 29. f3 Qe7 1/2-1/2

[Event "Madrid ch 2016/2017 - Previa A"]
[Site "Madrid ESP"]
[Date "2017.02.14"]
[Round "5.8"]
[White "De La Fuente Ebro, Miguel"]
[Black "Saber, Salah"]
[Result "1/2-1/2"]
[WhiteElo "1712"]
[BlackElo "1783"]
[PlyCount "55"]
[EventDate "2017.02.06"]
[EventType "swiss"]
[EventRounds "9"]
[EventCountry "ESP"]
[SourceTitle "Ajedrez en Madrid"]
[Source "lmi"]
[SourceDate "2017.02.06"]
[SourceVersion "1"]
[SourceVersionDate "2017.02.21"]
[SourceQuality "1"]

1. d4 Nf6 2. c4 c6 3. Nc3 d5 4. e3 e6 5. Nf3 Bd6 6. Bd3 Nbd7 7. O-O Qe7 8. Qc2
O-O 9. b3 Re8 10. cxd5 exd5 11. Bb2 Nf8 12. h3 h6 13. Rac1 Be6 14. Rfd1 Qd7 15.
Ne5 Qc8 16. f4 Bxe5 17. fxe5 N6h7 18. Qf2 Qd8 19. Rf1 Qg5 20. Kh2 Ng6 21. Ne2
Nhf8 22. Nf4 Bf5 23. Bxf5 Qxf5 24. Qg3 Qg5 25. Qxg5 hxg5 26. Nxg6 Nxg6 27. Rf3
g4 28. hxg4 1/2-1/2

[Event "Madrid ch 2016/2017 - Previa A"]
[Site "Madrid ESP"]
[Date "2017.02.14"]
[Round "5.9"]
[White "Ortega Morales, Pedro"]
[Black "Villodre Miranda, Juan Alonso"]
[Result "1-0"]
[WhiteElo "1760"]
[BlackElo "1596"]
[PlyCount "66"]
[EventDate "2017.02.06"]
[EventType "swiss"]
[EventRounds "9"]
[EventCountry "ESP"]
[SourceTitle "Ajedrez en Madrid"]
[Source "lmi"]
[SourceDate "2017.02.06"]
[SourceVersion "1"]
[SourceVersionDate "2017.02.21"]
[SourceQuality "1"]

1. d4 f5 2. e4 fxe4 3. Nc3 Nf6 4. Bg5 d5 5. Bxf6 exf6 6. Qh5+ g6 7. Qxd5 Bb4 8.
Qxe4+ Qe7 9. Qxe7+ Kxe7 10. Nge2 Be6 11. O-O-O Bxc3 12. Nxc3 c6 13. Be2 Nd7 14.
Rhe1 Kf7 15. Bf3 Nb6 16. Ne4 Rad8 17. Nc5 Bc8 18. b3 Nd7 19. Ne4 Nf8 20. c4 f5
21. Nc5 g5 22. h3 h5 23. g3 h4 24. d5 g4 25. hxg4 fxg4 26. Bh1 h3 27. Re4 Rh6
28. Rf4+ Kg7 29. Re1 Ng6 30. Rfe4 Bd7 31. dxc6 Bxc6 32. Rxg4 Bxh1 33. Rxh1 Rf8
1-0

[Event "Madrid ch 2016/2017 - Previa A"]
[Site "Madrid ESP"]
[Date "2017.02.14"]
[Round "5.10"]
[White "Jaumandreu Llopis, Antonio"]
[Black "Camarero Izquierdo, Juan Carlo"]
[Result "0-1"]
[WhiteElo "1541"]
[BlackElo "1731"]
[PlyCount "58"]
[EventDate "2017.02.06"]
[EventType "swiss"]
[EventRounds "9"]
[EventCountry "ESP"]
[SourceTitle "Ajedrez en Madrid"]
[Source "lmi"]
[SourceDate "2017.02.06"]
[SourceVersion "1"]
[SourceVersionDate "2017.02.21"]
[SourceQuality "1"]

1. e4 c5 2. Nf3 d6 3. d4 cxd4 4. Nxd4 Nf6 5. Nc3 a6 6. Bg5 e6 7. f4 Nbd7 8. Qd2
Qc7 9. Be2 b5 10. a3 Bb7 11. Bf3 Rc8 12. O-O Be7 13. Rfe1 O-O 14. Kh1 h6 15.
Bh4 Nxe4 16. Nxe4 Bxh4 17. Re3 Nf6 18. Nxd6 Qxd6 19. Bxb7 Rcd8 20. Rd3 Qb6 21.
Bf3 Nd5 22. Rd1 Qc7 23. g3 Bf6 24. c3 Nb6 25. Qe2 Nc4 26. Bh5 e5 27. fxe5 Nxe5
28. Nf3 Nxd3 29. Rxd3 Qc4 0-1

[Event "Madrid ch 2016/2017 - Previa A"]
[Site "Madrid ESP"]
[Date "2017.02.14"]
[Round "5.11"]
[White "Vukotic Jovsic, Dragan"]
[Black "Olano Lanchas, Dionisio"]
[Result "1-0"]
[WhiteElo "1968"]
[BlackElo "1690"]
[PlyCount "99"]
[EventDate "2017.02.06"]
[EventType "swiss"]
[EventRounds "9"]
[EventCountry "ESP"]
[SourceTitle "Ajedrez en Madrid"]
[Source "lmi"]
[SourceDate "2017.02.06"]
[SourceVersion "1"]
[SourceVersionDate "2017.02.21"]
[SourceQuality "1"]

1. d4 d5 2. Bf4 Bf5 3. Nf3 Nd7 4. e3 e6 5. c4 Bb4+ 6. Nc3 c6 7. Qb3 Qa5 8. Be2
dxc4 9. Bxc4 Bxc3+ 10. bxc3 Nb6 11. Ne5 Qa4 12. O-O Ne7 13. g4 Bc2 14. Qxa4
Bxa4 15. Bb3 f6 16. Nd3 Bb5 17. Rfd1 Ned5 18. Rac1 Nc4 19. a4 Ba6 20. Bg3 b6
21. e4 Ne7 22. Nb4 Na5 23. Nxa6 Nxb3 24. Nc7+ Kd7 25. Rb1 Na5 26. d5 cxd5 27.
exd5 e5 28. Nxa8 Rxa8 29. f4 Rc8 30. fxe5 fxe5 31. Bxe5 g6 32. Kf2 Rc4 33. Rb4
Rc5 34. Bb8 Nc8 35. Rd3 Nb7 36. Bf4 Nbd6 37. Rbd4 b5 38. Rh3 h5 39. gxh5 Nf5
40. h6 Nxd4 41. h7 Rxd5 42. cxd4 Rf5 43. h8=Q Rxf4+ 44. Ke3 Rf5 45. Rh7+ Ne7
46. Qg7 bxa4 47. Qxe7+ Kc6 48. Qb7+ Kd6 49. Qc7+ Kd5 50. Rd7+ 1-0

[Event "Madrid ch 2016/2017 - Previa A"]
[Site "Madrid ESP"]
[Date "2017.02.14"]
[Round "5.12"]
[White "Boni De Aristizabal, Marco"]
[Black "Cardena Contreras, Javier"]
[Result "0-1"]
[WhiteElo "1715"]
[BlackElo "1935"]
[PlyCount "68"]
[EventDate "2017.02.06"]
[EventType "swiss"]
[EventRounds "9"]
[EventCountry "ESP"]
[SourceTitle "Ajedrez en Madrid"]
[Source "lmi"]
[SourceDate "2017.02.06"]
[SourceVersion "1"]
[SourceVersionDate "2017.02.21"]
[SourceQuality "1"]

1. e4 c5 2. c3 Nf6 3. e5 Nd5 4. d4 cxd4 5. cxd4 d6 6. Bc4 Nb6 7. Bb3 Nc6 8. f4
dxe5 9. dxe5 Bf5 10. Qxd8+ Rxd8 11. Nf3 e6 12. Nc3 Bc5 13. Bd2 O-O 14. Rc1 Nd4
15. Nxd4 Bxd4 16. Nb5 Bxb2 17. Rc7 Be4 18. Bb4 Bxg2 19. Rg1 Bc6 20. Nd6 Na8 21.
Re7 Rd7 22. Rxd7 Bxd7 23. Nc4 Bd4 24. Rg3 Rd8 25. Rd3 Bb5 26. Bd6 Bc5 27. Rd1
Bxc4 28. Bxc4 Bxd6 29. exd6 Nb6 30. Bb3 Kf8 31. Ke2 Nc8 32. Rc1 Nxd6 33. Rc7 a6
34. Bc2 Rc8 0-1

[Event "Madrid ch 2016/2017 - Previa A"]
[Site "Madrid ESP"]
[Date "2017.02.14"]
[Round "5.13"]
[White "Ramos Antona, Enrique"]
[Black "Santamaria Baeza, Adolfo"]
[Result "0-1"]
[WhiteElo "1613"]
[BlackElo "1872"]
[PlyCount "96"]
[EventDate "2017.02.06"]
[EventType "swiss"]
[EventRounds "9"]
[EventCountry "ESP"]
[SourceTitle "Ajedrez en Madrid"]
[Source "lmi"]
[SourceDate "2017.02.06"]
[SourceVersion "1"]
[SourceVersionDate "2017.02.21"]
[SourceQuality "1"]

1. d4 Nf6 2. c4 e6 3. Nf3 Bb4+ 4. Nc3 O-O 5. a3 Bxc3+ 6. bxc3 d6 7. Bg5 Nbd7 8.
e3 b6 9. Be2 Bb7 10. O-O Re8 11. Nd2 Rb8 12. f3 c5 13. e4 Qc7 14. a4 e5 15. d5
Qd8 16. Bh4 Nf8 17. f4 Ng6 18. Bxf6 Qxf6 19. fxe5 Qxe5 20. Rc1 Bc8 21. Bh5 Bd7
22. Qf3 Rf8 23. g3 Qg5 24. Bxg6 fxg6 25. Qg2 Rxf1+ 26. Rxf1 h5 27. Rf4 Qe5 28.
Qf3 g5 29. Rf7 Bg4 30. Qf2 Qxc3 31. Kg2 h4 32. gxh4 Bh3+ 33. Kg1 Qc1+ 34. Nf1
Qxc4 35. hxg5 Qxe4 36. Rf3 Bxf1 37. Qxf1 Qxd5 38. Rf5 Qd4+ 39. Kg2 Re8 40. Rf4
Qd5+ 41. Kh3 Qxg5 42. Qf3 Qh6+ 43. Kg3 Qe6 44. h4 Qe1+ 45. Kg4 Qg1+ 46. Kh5 Kh7
47. Rg4 Re5+ 48. Rg5 g6# 0-1

[Event "Madrid ch 2016/2017 - Previa A"]
[Site "Madrid ESP"]
[Date "2017.02.14"]
[Round "5.14"]
[White "Pashov, Spas Nikolov"]
[Black "Martinez Carrasco, Jesus"]
[Result "1-0"]
[WhiteElo "1853"]
[BlackElo "1618"]
[PlyCount "57"]
[EventDate "2017.02.06"]
[EventType "swiss"]
[EventRounds "9"]
[EventCountry "ESP"]
[SourceTitle "Ajedrez en Madrid"]
[Source "lmi"]
[SourceDate "2017.02.06"]
[SourceVersion "1"]
[SourceVersionDate "2017.02.21"]
[SourceQuality "1"]

1. e4 c5 2. Nf3 d6 3. d4 cxd4 4. Nxd4 Nf6 5. Nc3 a6 6. Be2 Nc6 7. Be3 Qc7 8.
O-O e6 9. a4 Bd7 10. Nb3 b6 11. f4 Be7 12. Qe1 O-O 13. Qf2 Bd8 14. Rfd1 Nb4 15.
Bf3 Bc6 16. a5 bxa5 17. Nxa5 d5 18. Bc5 Be7 19. Bxe7 Qxe7 20. Nxc6 Nxc6 21.
exd5 exd5 22. Nxd5 Nxd5 23. Bxd5 Qf6 24. c4 Rfc8 25. b4 Rab8 26. Rxa6 Rxb4 27.
Rxc6 Rxc6 28. Bxc6 Rxc4 29. Qe2 1-0

[Event "Madrid ch 2016/2017 - Previa A"]
[Site "Madrid ESP"]
[Date "2017.02.14"]
[Round "5.15"]
[White "Cruz Gonzalez, Antonio"]
[Black "Rottenwoerer, Christoph"]
[Result "0-1"]
[WhiteElo "1817"]
[BlackElo "1665"]
[PlyCount "126"]
[EventDate "2017.02.06"]
[EventType "swiss"]
[EventRounds "9"]
[EventCountry "ESP"]
[SourceTitle "Ajedrez en Madrid"]
[Source "lmi"]
[SourceDate "2017.02.06"]
[SourceVersion "1"]
[SourceVersionDate "2017.02.21"]
[SourceQuality "1"]

1. e4 c5 2. Nf3 g6 3. d4 cxd4 4. Nxd4 Bg7 5. Nc3 Nc6 6. Be3 Nf6 7. Bc4 Qa5 8.
O-O d6 9. h3 O-O 10. Bb3 Bd7 11. f3 Nxd4 12. Bxd4 Qc7 13. Nd5 Nxd5 14. exd5 a5
15. Bxg7 Kxg7 16. Qd4+ Kg8 17. c3 a4 18. Bc2 b6 19. Rad1 Qc5 20. Rfe1 Rfe8 21.
Kh1 Qxd4 22. Rxd4 Kf8 23. Ree4 b5 24. Rh4 Kg7 25. Kg1 Rac8 26. Kf2 Rc5 27. a3
Rec8 28. Bd3 Re8 29. Rhe4 Bf5 30. Re3 Bxd3 31. Rexd3 Rb8 32. Rb4 Rb7 33. Rdd4
Rbc7 34. Ke3 Kf6 35. f4 e6 36. dxe6 Kxe6 37. g4 f5 38. g5 d5 39. Rd2 Kd6 40.
Kf3 Re7 41. Re2 Re4 42. Rexe4 dxe4+ 43. Ke3 Rd5 44. c4 Rd3+ 45. Ke2 bxc4 46.
Rxc4 Rb3 47. Rxa4 Rxb2+ 48. Ke1 Kc6 49. Ra7 Rb7 50. Ra8 Kb6 51. Ra4 Ra7 52.
Rb4+ Kc5 53. Rb3 Kc4 54. Re3 Rd7 55. Ke2 Rb7 56. Kd2 Rb3 57. Re1 Rxa3 58. Rc1+
Kd4 59. h4 Rh3 60. Rc8 Rxh4 61. Rd8+ Kc5 62. Rd7 Rxf4 63. Rxh7 Rg4 0-1

[Event "Madrid ch 2016/2017 - Previa A"]
[Site "Madrid ESP"]
[Date "2017.02.14"]
[Round "5.16"]
[White "Garcia Donoso, Alberto"]
[Black "Lopez Orellana, Federico"]
[Result "1/2-1/2"]
[WhiteElo "1678"]
[BlackElo "1754"]
[PlyCount "61"]
[EventDate "2017.02.06"]
[EventType "swiss"]
[EventRounds "9"]
[EventCountry "ESP"]
[SourceTitle "Ajedrez en Madrid"]
[Source "lmi"]
[SourceDate "2017.02.06"]
[SourceVersion "1"]
[SourceVersionDate "2017.02.21"]
[SourceQuality "1"]

1. e4 d5 2. exd5 Nf6 3. Nf3 Bg4 4. Be2 Nxd5 5. d4 e6 6. O-O Nc6 7. c4 Nb6 8.
Be3 Be7 9. c5 Nd5 10. Nbd2 O-O 11. h3 Nxe3 12. fxe3 Bh5 13. Qb3 Rb8 14. Rad1 b6
15. Qa4 Na5 16. b4 Nb7 17. Qxa7 Qc8 18. Ba6 Ra8 19. Bxb7 Rxa7 20. Bxc8 Rxc8 21.
Ra1 Rca8 22. g4 Bg6 23. Ne5 Rxa2 24. Rxa2 Rxa2 25. Nxg6 hxg6 26. Nc4 f6 27. Rf2
Ra1+ 28. Rf1 Ra2 29. Rf2 Ra1+ 30. Rf1 Ra2 31. Rf2 1/2-1/2

[Event "Madrid ch 2016/2017 - Previa A"]
[Site "Madrid ESP"]
[Date "2017.02.14"]
[Round "5.17"]
[White "Rodriguez Bachiller, Luis"]
[Black "Serrano Gonzalez, Oscar"]
[Result "0-1"]
[WhiteElo "1656"]
[BlackElo "1739"]
[PlyCount "140"]
[EventDate "2017.02.06"]
[EventType "swiss"]
[EventRounds "9"]
[EventCountry "ESP"]
[SourceTitle "Ajedrez en Madrid"]
[Source "lmi"]
[SourceDate "2017.02.06"]
[SourceVersion "1"]
[SourceVersionDate "2017.02.21"]
[SourceQuality "1"]

1. e4 c5 2. Nf3 d6 3. Bc4 Nc6 4. c3 Nf6 5. d3 g6 6. Bg5 Bg7 7. Nbd2 O-O 8. O-O
a6 9. Bb3 b5 10. h3 Bb7 11. Bc2 Qb6 12. Rb1 a5 13. Re1 e5 14. Be3 Nh5 15. Kh2
Qc7 16. g3 Rac8 17. g4 Nf4 18. Nf1 Nd8 19. Ng3 Nde6 20. Qd2 Rfd8 21. c4 b4 22.
Ne2 g5 23. Ng3 Ra8 24. b3 f6 25. h4 h6 26. Nf5 Ng6 27. Kg3 Kf7 28. h5 Ne7 29.
Nxe7 Qxe7 30. Kh2 Bc8 31. Ng1 Nf8 32. f3 Nd7 33. Ne2 Nb6 34. Ng3 Bd7 35. Nf5
Bxf5 36. exf5 d5 37. Qf2 Bf8 38. f4 Qc7 39. fxg5 hxg5 40. Kg2 Rac8 41. Rbd1 Bh6
42. Qf3 Qc6 43. Bf2 d4 44. Re4 Rg8 45. Rde1 a4 46. Bg3 axb3 47. Bxb3 Rge8 48.
Bxe5 Rxe5 49. Rxe5 Qxf3+ 50. Kxf3 fxe5 51. Rxe5 Re8 52. Rxc5 Re3+ 53. Kf2 Bf8
54. Rc6 Nd7 55. Rc7 Ke8 56. Rc8+ Ke7 57. c5 Ne5 58. Rc7+ Kd8 59. Ra7 Nxd3+ 60.
Kg2 Nxc5 61. Bc4 d3 62. Kf2 d2 63. Be2 Ra3 64. Rxa3 bxa3 65. Ke3 Ke7 66. Kxd2
Kf6 67. Ke3 Ke5 68. Kf3 Kd4 69. f6 Ne4 70. f7 Nc3 0-1

[Event "Madrid ch 2016/2017 - Previa A"]
[Site "Madrid ESP"]
[Date "2017.02.14"]
[Round "5.18"]
[White "Sotoca Aguado, Jose"]
[Black "Suarez Arellano, Jorge"]
[Result "1-0"]
[WhiteElo "1911"]
[BlackElo "1518"]
[PlyCount "49"]
[EventDate "2017.02.06"]
[EventType "swiss"]
[EventRounds "9"]
[EventCountry "ESP"]
[SourceTitle "Ajedrez en Madrid"]
[Source "lmi"]
[SourceDate "2017.02.06"]
[SourceVersion "1"]
[SourceVersionDate "2017.02.21"]
[SourceQuality "1"]

1. d4 e6 2. c4 Nf6 3. Nc3 g6 4. e4 d6 5. Nf3 Bg7 6. Be2 O-O 7. O-O c5 8. Bg5
cxd4 9. Nxd4 Qb6 10. Nb3 Bd7 11. Be3 Qc7 12. Qd2 Bc6 13. f3 Rd8 14. Nb5 Bxb5
15. cxb5 b6 16. Rac1 Qe7 17. Nd4 Qe8 18. Rc2 Kh8 19. Rfc1 Ng8 20. Nc6 Rd7 21.
Bd4 e5 22. Be3 Ne7 23. Nxe7 Qxe7 24. Qd5 Rb7 25. Rc8+ 1-0

[Event "Madrid ch 2016/2017 - Previa A"]
[Site "Madrid ESP"]
[Date "2017.02.14"]
[Round "5.19"]
[White "Cupeiro Fernandez, Manuel"]
[Black "Sanchez Hernandez, Guillermo"]
[Result "0-1"]
[WhiteElo "1511"]
[BlackElo "1781"]
[PlyCount "146"]
[EventDate "2017.02.06"]
[EventType "swiss"]
[EventRounds "9"]
[EventCountry "ESP"]
[SourceTitle "Ajedrez en Madrid"]
[Source "lmi"]
[SourceDate "2017.02.06"]
[SourceVersion "1"]
[SourceVersionDate "2017.02.21"]
[SourceQuality "1"]

1. e4 c5 2. Bc4 e6 3. Nf3 a6 4. a3 Qc7 5. d3 Nc6 6. Be3 Nf6 7. h3 d5 8. exd5
Nxd5 9. Bxd5 exd5 10. c3 Bd6 11. O-O O-O 12. Re1 h6 13. Nbd2 Bf5 14. Nf1 Rfe8
15. Qd2 Re6 16. d4 c4 17. Kh1 Rae8 18. Ng1 b5 19. Ne2 Qe7 20. Nh2 Bd3 21. Nf3
f5 22. Nf4 Bxf4 23. Bxf4 g5 24. Rxe6 Qxe6 25. Be5 Be4 26. Nxg5 Qg6 27. Nxe4
fxe4 28. Bh2 Kh7 29. Qf4 Qe6 30. Re1 a5 31. Bg3 b4 32. axb4 axb4 33. Ra1 Re7
34. Kg1 b3 35. Qd6 Qxd6 36. Bxd6 Ra7 37. Rxa7+ Nxa7 38. Kf1 Nb5 39. Bb4 Kg6 40.
Ke2 Kf5 41. Ke3 h5 42. f3 exf3 43. Kxf3 Kg5 44. g3 Kf5 45. g4+ hxg4+ 46. hxg4+
Kg5 47. Ba5 Nd6 48. Bd8+ Kg6 49. Kf4 Ne4 50. Ba5 Kf6 51. g5+ Ke6 52. g6 Nf2 53.
Bb4 Nd3+ 54. Kg5 Nxb4 55. Kh6 Nc6 56. g7 Ne7 57. Kh7 Kf7 58. Kh6 Nf5+ 59. Kg5
Nxg7 60. Kf4 Kf6 61. Ke3 Kf5 62. Kf3 Ne6 63. Ke3 Ng5 64. Kf2 Ke4 65. Ke2 Ne6
66. Kd2 Nxd4 67. cxd4 Kxd4 68. Kc1 Kd3 69. Kd1 c3 70. Kc1 d4 71. Kb1 Kd2 72.
Ka1 Kd1 73. Kb1 c2+ 0-1

[Event "Madrid ch 2016/2017 - Previa A"]
[Site "Madrid ESP"]
[Date "2017.02.14"]
[Round "5.20"]
[White "Enriquez Pastor, Jorge"]
[Black "Gortazar Rubial, Javier Maria"]
[Result "1/2-1/2"]
[WhiteElo "1438"]
[BlackElo "1569"]
[PlyCount "152"]
[EventDate "2017.02.06"]
[EventType "swiss"]
[EventRounds "9"]
[EventCountry "ESP"]
[SourceTitle "Ajedrez en Madrid"]
[Source "lmi"]
[SourceDate "2017.02.06"]
[SourceVersion "1"]
[SourceVersionDate "2017.02.21"]
[SourceQuality "1"]

1. e4 e5 2. Nf3 Nc6 3. Bb5 a6 4. Ba4 Nf6 5. O-O Be7 6. Re1 b5 7. Bb3 O-O 8. c3
d5 9. exd5 Nxd5 10. Nxe5 Nxe5 11. Rxe5 c6 12. Bxd5 cxd5 13. d4 Bd6 14. Re1 Qh4
15. g3 Qh3 16. Qf3 Be6 17. Bf4 Rae8 18. Nd2 Bxf4 19. Qxf4 Re7 20. Re3 Rfe8 21.
Rae1 Kf8 22. Nf3 Qf5 23. Qxf5 Bxf5 24. Rxe7 Rxe7 25. Rxe7 Kxe7 26. Ne5 f6 27.
Nf3 Ke6 28. Kf1 Bb1 29. a3 Kf5 30. Nd2 Bc2 31. f3 g5 32. Kf2 h5 33. Nf1 Ke6 34.
Ke3 Bg6 35. Nd2 Bc2 36. Nf1 Bg6 37. Kd2 Kd6 38. Ne3 Kc6 39. h4 Kd6 40. hxg5
fxg5 41. Ke2 Ke6 42. f4 gxf4 43. gxf4 h4 44. Kf2 h3 45. Kg3 Bf5 46. b3 a5 47.
c4 bxc4 48. bxc4 dxc4 49. Nxc4 a4 50. Ne3 Kf6 51. d5 Bd7 52. Nd1 Ke7 53. Ne3
Kf6 54. d6 Ke6 55. Kxh3 Kxd6+ 56. Kg3 Ke6 57. Kf2 Kf6 58. Ke2 Be6 59. Kd2 Bb3
60. Kc3 Ke6 61. Kb4 Kf6 62. Kc5 Ke6 63. f5+ Ke5 64. Kb4 Ke4 65. Nc4 Bxc4 66.
Kxc4 Kxf5 67. Kb4 Ke6 68. Kxa4 Kd7 69. Kb5 Kc7 70. Ka6 Kc8 71. Ka7 Kc7 72. a4
Kc8 73. a5 Kc7 74. a6 Kc8 75. Kb6 Kb8 76. a7+ Ka8 1/2-1/2

[Event "Madrid ch 2016/2017 - Previa A"]
[Site "Madrid ESP"]
[Date "2017.02.14"]
[Round "5.21"]
[White "Diaz Begonte, Manuel"]
[Black "Rufo Yebra, Benito"]
[Result "1-0"]
[WhiteElo "1664"]
[BlackElo "1343"]
[PlyCount "101"]
[EventDate "2017.02.06"]
[EventType "swiss"]
[EventRounds "9"]
[EventCountry "ESP"]
[SourceTitle "Ajedrez en Madrid"]
[Source "lmi"]
[SourceDate "2017.02.06"]
[SourceVersion "1"]
[SourceVersionDate "2017.02.21"]
[SourceQuality "1"]

1. e4 c6 2. d4 e6 3. Nf3 Be7 4. Bd3 d5 5. e5 Nd7 6. O-O Nf8 7. Re1 h6 8. Nbd2
Bg5 9. c4 Ne7 10. Nxg5 hxg5 11. Qg4 Nf5 12. Nb3 f6 13. exf6 Rh4 14. Qxf5 Qxf6
15. Qxg5 Bd7 16. Qxf6 gxf6 17. cxd5 cxd5 18. g3 Rh8 19. Nc5 b6 20. Nxd7 Kxd7
21. Bb5+ Ke7 22. Bf4 Ng6 23. Bd2 Rag8 24. Bf1 Nh4 25. Bg2 Nf5 26. Bc3 Kf7 27.
h4 Nh6 28. Bh3 f5 29. Bd2 Ng4 30. Bxg4 Rxg4 31. Kh2 Rxd4 32. Bc3 Rhxh4+ 33.
gxh4 Rxh4+ 34. Kg3 Rg4+ 35. Kf3 d4 36. Bd2 Kf6 37. Rg1 Re4 38. Rae1 Ke5 39. Rg5
Rxe1 40. Bxe1 Kf6 41. Rg8 e5 42. Bd2 Ke6 43. Ra8 Kd5 44. Rxa7 Kc4 45. Ra3 b5
46. Ke2 e4 47. Rb3 f4 48. Bxf4 b4 49. Bd2 e3 50. Bxe3 dxe3 51. Kxe3 1-0

[Event "Madrid ch 2016/2017 - Previa A"]
[Site "Madrid ESP"]
[Date "2017.02.14"]
[Round "5.22"]
[White "Beekhof Harmsen, Willen"]
[Black "Martin Rodriguez, Jose Luis"]
[Result "1-0"]
[WhiteElo "1561"]
[BlackElo "1321"]
[PlyCount "94"]
[EventDate "2017.02.06"]
[EventType "swiss"]
[EventRounds "9"]
[EventCountry "ESP"]
[SourceTitle "Ajedrez en Madrid"]
[Source "lmi"]
[SourceDate "2017.02.06"]
[SourceVersion "1"]
[SourceVersionDate "2017.02.21"]
[SourceQuality "1"]

1. Nf3 Nf6 2. b3 g6 3. Bb2 Bg7 4. g3 O-O 5. Bg2 d5 6. O-O Bg4 7. h3 Bd7 8. d3
Nc6 9. Nbd2 Re8 10. c4 e6 11. Rc1 Nb4 12. a3 Na6 13. b4 c6 14. e4 h6 15. e5 Nh7
16. d4 b6 17. Nh2 b5 18. c5 Nc7 19. Nb3 f5 20. Na5 Rb8 21. f4 g5 22. Ra1 Rf8
23. Bc1 Qe8 24. Bd2 Qg6 25. Bf3 Qf7 26. Bh5 Qe7 27. a4 Kh8 28. Nb3 Ra8 29. axb5
Nxb5 30. Bg6 Rg8 31. Qh5 Be8 32. Bxe8 Qxe8 33. Qe2 Bf8 34. Qd3 Be7 35. g4 Qg6
36. Ra6 Qe8 37. Na5 Rc8 38. Nb7 Rc7 39. Nd6 Qg6 40. Nxb5 cxb5 41. Qxb5 Qe8 42.
Qa5 Bd8 43. Rxa7 Rgg7 44. Rxc7 Bxc7 45. Qa6 Nf8 46. b5 Nd7 47. b6 Nb8 1-0

[Event "Madrid ch 2016/2017 - Previa A"]
[Site "Madrid ESP"]
[Date "2017.02.14"]
[Round "5.24"]
[White "Garo Gomez, Juan Manuel"]
[Black "Montejano Siguero, Sonia"]
[Result "1-0"]
[WhiteElo "1290"]
[BlackElo "1483"]
[PlyCount "70"]
[EventDate "2017.02.06"]
[EventType "swiss"]
[EventRounds "9"]
[EventCountry "ESP"]
[SourceTitle "Ajedrez en Madrid"]
[Source "lmi"]
[SourceDate "2017.02.06"]
[SourceVersion "1"]
[SourceVersionDate "2017.02.21"]
[SourceQuality "1"]

1. e4 e5 2. Nf3 Nc6 3. Bc4 d6 4. Nc3 Bg4 5. h3 Bxf3 6. Qxf3 Qf6 7. Qxf6 Nxf6 8.
d3 Be7 9. Be3 a5 10. a3 a4 11. Bb5 O-O 12. Bxa4 Nd4 13. O-O b5 14. Bxb5 Nxc2
15. Rac1 Nd4 16. Bxd4 exd4 17. Bc6 dxc3 18. Bxa8 cxb2 19. Rxc7 Rxa8 20. Rb1
Rxa3 21. Rxb2 Rxd3 22. Rxe7 h5 23. Rbb7 h4 24. Rxf7 Nxe4 25. Rxg7+ Kh8 26. Rge7
Nf6 27. Rb8+ Ng8 28. Ree8 Kg7 29. Rxg8+ Kf6 30. Rbe8 Rd1+ 31. Kh2 d5 32. Rh8 d4
33. Rxh4 d3 34. Rd8 Rf1 35. Rxd3 Rxf2 1-0

[Event "Madrid ch 2016/2017 - Previa A"]
[Site "Madrid ESP"]
[Date "2017.02.15"]
[Round "6.1"]
[White "Lopez Heras, Arturo"]
[Black "Rosa Ramirez, Victor D"]
[Result "0-1"]
[WhiteElo "1862"]
[BlackElo "1902"]
[PlyCount "124"]
[EventDate "2017.02.06"]
[EventType "swiss"]
[EventRounds "9"]
[EventCountry "ESP"]
[SourceTitle "Ajedrez en Madrid"]
[Source "lmi"]
[SourceDate "2017.02.06"]
[SourceVersion "1"]
[SourceVersionDate "2017.02.21"]
[SourceQuality "1"]

1. d4 e6 2. c4 d5 3. Nf3 Nf6 4. Nc3 c6 5. Bg5 Nbd7 6. e3 Qa5 7. cxd5 exd5 8.
Qd2 Bb4 9. Bxf6 Nxf6 10. Bd3 Ne4 11. Bxe4 dxe4 12. Ng1 Bg4 13. Rc1 f5 14. Nge2
Bxe2 15. Qxe2 Qxa2 16. O-O Bxc3 17. Rxc3 O-O 18. Rfc1 Rfd8 19. Qc2 Rd7 20. Rb3
Qa5 21. Qc4+ Qd5 22. Qb4 b6 23. g3 h5 24. Qa4 Rc8 25. Rbc3 Rdc7 26. b4 h4 27.
Qd1 g6 28. Qf1 Rh7 29. Qa6 Rhc7 30. Qf1 a5 31. bxa5 Qxa5 32. Qc4+ Kh7 33. Qe6
h3 34. d5 Qa2 35. Qe5 c5 36. g4 fxg4 37. Qxe4 Qe2 38. Rc4 Rf8 39. R4c2 Qf3 40.
Qxf3 Rxf3 41. Rc4 Rd7 42. Ra1 Rf5 43. e4 Re5 44. Re1 Rdxd5 45. Kf1 Rd4 46. Rxd4
cxd4 47. Rb1 b5 48. Rb4 d3 49. Rd4 Kh6 50. Ke1 Kg5 51. Kd2 Kf4 52. Kxd3 Kf3 53.
Rd6 Rxe4 54. Rxg6 Rb4 55. Rf6+ Kg2 56. Kc3 Rc4+ 57. Kd3 Kxh2 58. Rb6 Rb4 59.
Kc3 Rf4 60. Rxb5 Rxf2 61. Kd3 g3 62. Ke3 Ra2 0-1